<?xml version="1.0" encoding="UTF-8"?>
<collection xmlns="http://www.loc.gov/MARC21/slim">
 <record>
  <leader>00498nam a22001571  4500</leader>
  <controlfield tag="001">1/14431</controlfield>
  <controlfield tag="008">990315s1977    enk           001 00eng d</controlfield>
  <datafield tag="035" ind1=" " ind2=" ">
   <subfield code="l">14911</subfield>
  </datafield>
  <datafield tag="040" ind1=" " ind2=" ">
   <subfield code="a">DLC</subfield>
   <subfield code="b">GR-PeUP</subfield>
  </datafield>
  <datafield tag="082" ind1="0" ind2="0">
   <subfield code="a">910.09'519 MA.</subfield>
  </datafield>
  <datafield tag="100" ind1="1" ind2=" ">
   <subfield code="a">Masatsugu, Matsumoto.</subfield>
  </datafield>
  <datafield tag="245" ind1="1" ind2="0">
   <subfield code="a">Travels in Korea/</subfield>
   <subfield code="c">Matsumoto Masatsugu.</subfield>
  </datafield>
  <datafield tag="260" ind1=" " ind2=" ">
   <subfield code="a">Korea:</subfield>
   <subfield code="b">Foreign Languages Publishing House,</subfield>
   <subfield code="c">1977.</subfield>
  </datafield>
  <datafield tag="300" ind1=" " ind2=" ">
   <subfield code="a">286p.;</subfield>
   <subfield code="c">21cm.</subfield>
  </datafield>
  <datafield tag="650" ind1=" " ind2="4">
   <subfield code="a">Travels</subfield>
   <subfield code="z">Korea.</subfield>
  </datafield>
  <datafield tag="852" ind1=" " ind2=" ">
   <subfield code="a">INST</subfield>
   <subfield code="b">UNIPILB</subfield>
   <subfield code="c">MAIN</subfield>
   <subfield code="e">20040709</subfield>
   <subfield code="h">910.09'519 MA.</subfield>
   <subfield code="p">00130599</subfield>
   <subfield code="q">00130599</subfield>
   <subfield code="t">LOAN</subfield>
   <subfield code="y">0</subfield>
   <subfield code="4">1</subfield>
  </datafield>
 </record>
</collection>
